Country Flags with Black - Statistics

General Stats
  • This quiz has been taken 283 times
  • The average score is 46 of 56
Answer Stats
Picture Answer % Correct
South Korea
100%
Albania
98%
Belgium
98%
Bhutan
96%
Germany
96%
Jamaica
95%
South Africa
95%
Kenya
92%
San Marino
92%
Papua New Guinea
91%
Egypt
90%
Iraq
89%
Barbados
88%
Syria
88%
United Arab Emirates
88%
Yemen
87%
Croatia
85%
Jordan
85%
Kuwait
85%
Libya
85%
Serbia
85%
Sri Lanka
85%
Estonia
84%
Eswatini
84%
Cambodia
83%
South Sudan
82%
Angola
81%
Brunei
81%
Fiji
81%
Malawi
81%
Tanzania
81%
Trinidad & Tobago
81%
Bahamas
80%
Liechtenstein
80%
Moldova
80%
Paraguay
80%
Uganda
80%
Zimbabwe
80%
Antigua and Barbuda
79%
Mozambique
79%
Afghanistan
78%
Dominica
78%
Sudan
78%
Botswana
77%
East Timor
77%
Ghana
77%
Guyana
77%
St. Lucia
77%
Belize
76%
Lesotho
76%
Zambia
75%
Equatorial Guinea
72%
St. Kitts & Nevis
72%
Sao Tome and Principe
70%
Vanuatu
70%
Guinea-Bissau
68%
No matching quizzes found
Score Distribution
Percent of People with Each Score
Percentile by Number Answered
Your Score History
You have not taken this quiz